000 01943nam0a2200373 i 4500
001 RU\NLR\BIBL_A\010703394
005 20240921191541.0
010 _a9785811417391
_91000
021 _aRU
_b2015-5228
_9327
035 _a(NILC)RuMoRGB-007861773
035 _a(NLR Aleph) 010703394
090 _a9731525
_c9731525
100 _a20150319d2015 um y0rusy50 ca
101 0 _arus
102 _aRU
105 _aa|||j|||000yy
200 1 _aОсновы животноводства
_eучебник
_eдля подготовки бакалавров, обучающихся по направлению "Агрономия"
_fА. И. Чикалев, Ю. А. Юлдашбаев
210 _aСанкт-Петербург [и др.]
_cЛань
_d2015
215 _a201, [1] с.
_cил., табл.
_d21
225 1 _aУчебники для вузов
_iСпециальная литература
300 _aНа 4-й с. обл. авт.: д-ра с.-х.н., профессора А. И. Чикалев, Ю. А. Юлдашбаев лауреат премии Правительства РФ в обл. образования
300 _aПосвящается 150-летию Российского гос. аграрного ун-та МСХА им. К. А. Тимирязева
320 _aБиблиогр. в конце кн. (12 назв.)
606 1 _aЖивотноводство
_jУчебники для высших учебных заведений
_91041356
_3RU\NLR\AUTH\6683124
610 0 _aживотноводство
686 1 _aП5я73
700 1 _aЧикалев
_bА. И.
_gАлександр Иванович
701 1 _7ca
_8rus
_aЮлдашбаев
_bЮ. А.
_f1958-
_gЮсупжан Артыкович
_9157767
_3RU\NLR\AUTH\770157808
801 0 _aRU
_bРГБ
_c20150206
_gRCR
801 1 _aRU
_bРГБ
_c20150206
_2rusmarc
942 _cBOOK
980 _aNBR